[Event "POL-chT 2nd League-4 2020"]
[Site "Poronin"]
[Date "2020.09.11"]
[Round "7.5"]
[White "Kurpiewski, Slawomir"]
[Black "Bachorczyk, Marcin"]
[Result "1-0"]
[WhiteElo "1943"]
[BlackElo "2074"]
[Annotator "TA"]
[PlyCount "101"]
[EventDate "2020.09.05"]
[EventType "team-tourn"]
[EventCountry "POL"]
[SourceTitle "playchess.com"]
[Source "ChessBase"]
[SourceQuality "1"]
[WhiteTeam "Skoczek Siedlce"]
[BlackTeam "Victoria Chroscice"]
[BlackTeamCountry "POL"]

{[%evp 12,101,50,31,52,-7,17,-7,20,22,34,32,31,14,25,30,30,20,30,35,29,34,95,98,133,126,120,110,156,85,127,97,106,60,52,53,188,56,64,54,55,55,55,56,236,247,248,229,300,285,307,289,285,235,332,341,343,343,377,0,0,-13,-16,-9,81,72,575,471,1166,1164,29983,29984,29983,29984,12841,12840,29993,29994,29996,29997,29997,29997,29997,29996,29996,29992,29995,29995,29995,29995,29996,29989]} 1. d4 Nf6 2. c4 c5 3. d5 e5 4. Nc3 d6 5. e4 Be7 6. g3 O-O 7. h4 a6 {A56: Czech Benoni.} 8. Bh3 (8. a4 $14) 8... b5 9. Qe2 Nbd7 {The position is equal.} 10. Nf3 {[#]} Rb8 $146 ({Predecessor:} 10... bxc4 11. Nd2 a5 12. O-O Ne8 13. Nxc4 Ba6 14. Na4 Bxc4 15. Qxc4 Nb6 16. Qc2 Nxa4 17. Qxa4 {½-½ (52) Tuchenhagen,A (2092)-Schrader,J (2062) Bayern 2004}) 11. Nd2 {[%cal Rc4b5]} Ne8 12. Nd1 (12. b3 {keeps more tension.} Nc7 13. Bg2 Nf6 14. O-O Bd7 15. Bb2) 12... Nb6 13. Bxc8 Qxc8 14. Ne3 Qd7 15. b3 g6 16. Bb2 Nc7 (16... Nf6 $14) 17. f4 $16 f6 18. f5 bxc4 19. Ndxc4 Nxc4 20. Qxc4 (20. bxc4 $142 Bd8 21. Bc3) 20... Rb4 21. Qc2 Nb5 22. O-O Nd4 23. Qg2 Qb5 (23... Rf7 $14) 24. Rad1 ({Better is} 24. Bxd4 $18 Rxd4 25. Rae1) 24... Qe2 $14 25. Bxd4 Qxg2+ 26. Kxg2 {aiming for Bc3.} cxd4 27. Nc4 a5 $2 (27... Rb5 $14) 28. Nxa5 $18 Ra8 29. a3 Rb5 {[#]} 30. b4 $1 Kf7 31. fxg6+ hxg6 32. Rd3 Bf8 (32... Kg7 {is a better defense.} 33. Nc6 Rb7) 33. Rdf3 Bg7 34. Rc1 Kg8 {Now ...f5 and Black clings on.} 35. Rc6 $2 (35. g4 $18) 35... f5 $1 $11 36. exf5 e4 $1 {[%cal Re4f3]} 37. Rf1 Be5 (37... e3 $11 38. Rxd6 e2) 38. fxg6 $16 {Hoping for Nc4.} Rxd5 $2 {[%mdl 8192]} (38... e3 $16 {stays breathing.}) 39. Nc4 d3 (39... e3 $142 40. Nb6 {[%mdl 64] Double Attack} e2) 40. Nb6 $18 {[%mdl 64] Double Attack} Rd4 41. Nxa8 Kg7 42. Nc7 Kxg6 43. Ne6 Rd5 44. Nf8+ {White mates.} Kh6 45. Rc7 {[%csl Gf8][%cal Rc7h7]} Bg7 {[#]} 46. Rf6+ $1 Kh5 {[#]} (46... Bxf6 47. Rh7#) 47. Kh3 $1 {[%csl Gh3][%cal Rg3g4]} Rg5 48. hxg5 Bxf8 49. Rxf8 Kxg5 50. Rf1 e3 51. Rcc1 {Accuracy: White = 76%, Black = 42%.} 1-0

[Event "POL-chT 2nd League-4 2020"]
[Site "Poronin"]
[Date "2020.09.11"]
[Round "7.6"]
[White "Chmiel, Dominika"]
[Black "Dabrowska, Aleksandra"]
[Result "1-0"]
[WhiteElo "2023"]
[BlackElo "1566"]
[Annotator "RC"]
[PlyCount "105"]
[EventDate "2020.09.05"]
[EventType "team-tourn"]
[EventCountry "POL"]
[SourceTitle "playchess.com"]
[Source "ChessBase"]
[SourceQuality "1"]
[WhiteTeam "Victoria Chroscice"]
[BlackTeam "Skoczek Siedlce"]
[WhiteTeamCountry "POL"]
[TimeControl "40/5400+30:900+30"]

1. e4 {[%emt 0:00:00]} c6 {[%emt 0:00:00]} 2. d4 {[%emt 0:00:00]} d5 {[%emt 0:00:00]} 3. Nd2 {[%emt 0:00:00]} dxe4 {[%emt 0:00:25]} 4. Nxe4 {[%emt 0:00:00]} Bf5 {[%emt 0:00:43]} 5. Ng3 {[%emt 0:00:29]} Bg6 {[%emt 0:00:11]} 6. Bc4 {[%emt 0:02:04]} e6 {[%emt 0:01:02]} 7. N1e2 {[%emt 0:01:51]} Bd6 {[%emt 0:04:20]} 8. h4 {[%emt 0:04:15]} h6 {[%emt 0:01:47]} 9. Nf4 {[%emt 0:01:46]} Bxf4 {[%emt 0:00:53]} 10. Bxf4 {[%emt 0:00:05]} Nf6 {[%emt 0:00:42]} 11. c3 {[%emt 0:05:06]} Nbd7 {[%emt 0:05:39]} 12. h5 {[%emt 0:04:07]} Bh7 {[%emt 0:00:22]} 13. Qe2 {[%emt 0:00:57]} Nb6 {[%emt 0:03:00]} 14. Bd3 {[%emt 0:06:01]} Bxd3 {[%emt 0:00:32]} 15. Qxd3 {[%emt 0:00:05]} Qd5 {[%emt 0:06:37]} 16. f3 {[%emt 0:19:54]} Qc4 {[%emt 0:04:43]} 17. Qxc4 {[%emt 0:14:27]} Nxc4 {[%emt 0:00:49]} 18. b3 {[%emt 0:00:09]} Nd5 {[%emt 0:10:01]} 19. Bc1 {[%emt 0:05:08]} Nce3 {[%emt 0:01:29]} 20. Bxe3 {[%emt 0:01:38]} Nxe3 {[%emt 0:00:08]} 21. Kf2 {[%emt 0:00:27]} Nd5 {[%emt 0:01:18]} 22. c4 {[%emt 0:03:34]} Nb4 {[%emt 0:01:00]} 23. Rhd1 {[%emt 0:01:37]} Rd8 {[%emt 0:01:08]} 24. Ne2 {[%emt 0:01:24]} O-O {[%emt 0:00:37]} 25. a3 {[%emt 0:00:39]} Na6 {[%emt 0:00:04]} 26. Nc3 {[%emt 0:00:33]} Rd7 {[%emt 0:00:33]} 27. Ra2 {[%emt 0:01:33]} Rfd8 {[%emt 0:00:45]} 28. Rad2 {[%emt 0:00:23]} Nc5 {[%emt 0:03:02]} 29. b4 {[%emt 0:07:15]} Nb3 {[%emt 0:01:10]} 30. Rd3 {[%emt 0:00:06]} Rxd4 {[%emt 0:01:52]} 31. Ke3 {[%emt 0:04:22]} Rxd3+ {[%emt 0:03:11]} 32. Rxd3 {[%emt 0:00:04]} Rxd3+ {[%emt 0:00:14]} 33. Kxd3 {[%emt 0:00:04]} e5 {[%emt 0:00:14]} 34. Ne2 {[%emt 0:00:43]} c5 {[%emt 0:11:09]} 35. Ke4 {[%emt 0:00:35]} Nd4 {[%emt 0:03:34]} 36. Nc3 {[%emt 0:01:50]} cxb4 {[%emt 0:01:41]} 37. axb4 {[%emt 0:00:06]} Kf8 {[%emt 0:01:09]} 38. b5 {[%emt 0:04:45]} Ke7 {[%emt 0:04:50]} 39. Kxe5 {[%emt 0:02:26]} Ne6 {[%emt 0:00:17]} 40. Ne4 {[%emt 0:00:00]} Kd7 {[%emt 0:00:00]} 41. g4 {[%emt 0:08:50]} Ke7 {[%emt 0:10:27]} 42. f4 {[%emt 0:02:52]} a5 {[%emt 0:05:29]} 43. f5 {[%emt 0:03:53]} f6+ {[%emt 0:04:54]} 44. Kd5 {[%emt 0:00:41]} Nf8 {[%emt 0:04:37]} 45. Nc5 {[%emt 0:00:57]} b6 {[%emt 0:00:16]} 46. Na4 {[%emt 0:00:25]} Nd7 {[%emt 0:00:03]} 47. Kc6 {[%emt 0:01:06]} Ne5+ {[%emt 0:00:20]} 48. Kxb6 {[%emt 0:00:19]} Nxc4+ {[%emt 0:00:13]} 49. Kc7 {[%emt 0:00:47]} Nd6 {[%emt 0:01:16]} 50. b6 {[%emt 0:01:06]} Ne8+ {[%emt 0:00:50]} 51. Kc6 {[%emt 0:00:32]} Nd6 {[%emt 0:00:07]} 52. Nc5 {[%emt 0:00:44]} a4 {[%emt 0:00:18]} 53. Nxa4 {[%emt 0:00:07]} 1-0

[Event "POL-chT 2nd League-4 2020"]
[Site "Poronin"]
[Date "2020.09.11"]
[Round "7.7"]
[White "Daniel, Damian"]
[Black "Polok, Kacper"]
[Result "1-0"]
[WhiteElo "2176"]
[BlackElo "2288"]
[Annotator "TA"]
[PlyCount "111"]
[EventDate "2020.09.05"]
[EventType "team-tourn"]
[EventCountry "POL"]
[SourceTitle "playchess.com"]
[Source "ChessBase"]
[SourceQuality "1"]
[WhiteTeam "Goniec Zarow"]
[BlackTeam "SILESIA Raciborz"]

{[%evp 16,111,74,54,53,61,67,62,89,100,98,64,96,97,87,89,193,190,210,176,198,187,244,171,155,154,171,122,114,127,133,138,155,147,160,147,148,146,166,166,331,331,315,315,301,294,286,183,209,201,422,424,563,551,548,525,4698,515,7965,6311,400,377,377,0,377,351,5237,6079,29962,1368,1517,1337,29966,29965,29961,29965,29977,29974,29974,29975,29974,29973,29973,29974,29970,29970,29969,29976,29976,29977,29968,0,29978,29978,29982,29983,29990,29987]} 1. d4 e6 2. Nf3 f5 3. g3 Nf6 4. c4 Be7 5. Bg2 O-O 6. O-O d6 7. b3 Qe8 8. Bb2 Qh5 {8...Qg6 is more advanced technology.} 9. Nbd2 {has lost popularity (9.Nc3).} a5 {A96: Classical Dutch: Fluid Systems: Early deviations.} 10. Ne1 {[#]} Qh6 $146 ({Predecessor:} 10... Qg6 11. Nd3 c6 12. e3 Na6 13. Qe2 Bd7 14. Nf4 Qf7 15. Nf3 h6 16. Nd3 b6 17. Nd2 {0-1 (56) Rathgeb,H (1827)-Schiffer,K (2319) Feffernitz 2004}) 11. Nd3 Ng4 {[%csl Gg4][%cal Rh6h2] [#]White is slightly better.} 12. h3 Nf6 13. Qe1 Ne4 14. Nxe4 fxe4 15. Bxe4 e5 (15... Qxh3 $16 16. Nf4 Qh6) 16. dxe5 $18 Nc6 17. h4 dxe5 18. Nxe5 Bh3 (18... Nxe5 {was called for.} 19. Bxe5 c6) 19. Nxc6 bxc6 20. Bg2 Qe6 21. Kh2 Bxg2 22. Kxg2 Bxh4 23. e4 $40 {[%mdl 128] White is out for blood.} (23. gxh4 Qg4+ 24. Kh2 Qxh4+ 25. Kg1 Qg4+ 26. Kh1 Rf5 27. Be5 Rxe5 28. f4 Rh5+ 29. Qh4 Rxh4#) 23... Rad8 24. Qe2 (24. gxh4 Qg4+ 25. Kh1 Qxh4+ 26. Kg1 Qg4+ 27. Kh2 Rf3 28. Qc3 Rxc3 29. Bxc3 Rd6 30. Bd2 Rg6 31. Bg5 Rxg5 32. Kh1 Rh5#) 24... Bf6 25. Bxf6 Rxf6 26. Rad1 Rdf8 27. f4 g5 $2 (27... g6 {is a better defense.} 28. Rfe1 a4) 28. fxg5 Rxf1 29. Rxf1 Rxf1 30. Kxf1 {[%mdl 4096] Endgame KQ-KQ} Qe5 31. Qd2 Qxe4 32. Qxa5 c5 $2 (32... Qf3+ 33. Ke1 (33. Kg1 Qxg3+ 34. Kf1 Qf4+ 35. Ke1 Kg7 $16) 33... Qxg3+ 34. Kd1 Qg4+ 35. Kc2 Qe4+ 36. Kd1 Qb1+ 37. Kd2 c5) 33. Qxc5 Qb1+ 34. Kg2 Qxa2+ 35. Kh3 Qxb3 36. Qxc7 (36. Qd5+ $142 Kg7 37. Qd4+ Kf7 38. Qf6+ Kg8 39. Qd8+ Kf7 40. Qxc7+ Kg8 41. Qd8+ Kg7 42. Qe7+ Kg8 43. Qe8+ Kg7 44. c5) 36... Qd1 (36... Qd3 $142 37. Qb8+ Kf7) 37. Qb8+ Kf7 38. Qf4+ Kg8 {Black hopes to continue with ...Qh5+.} 39. Qb8+ Kf7 40. Qb7+ Kf8 $2 (40... Ke6 41. Qc6+ Ke7) 41. Qe4 Kg7 42. Kh4 (42. Qe5+ $142 Kf8 43. Qh8+ {[%mdl 64] Double Attack} Ke7 44. Qxh7+ Kd8 45. Qg8+ Ke7 46. Qg7+ Kd6 47. Qf6+ Kc7 48. Qe5+ Kb6 49. g6 Qd7+ 50. Kh4 Qd8+ 51. Kh5) 42... Qa4 43. Qf4 Qd1 44. Qe5+ Kf8 45. c5 Kf7 46. Qf6+ Kg8 47. Qe6+ Kg7 48. c6 Qh1+ 49. Kg4 Qd1+ 50. Kf4 Qd4+ 51. Qe4 Qf2+ 52. Kg4 Qc5 53. Kf4 $2 (53. Qe6 {mates} Qd4+ 54. Kh3 Qg1 55. Qe5+ Kf8 56. Qh8+ Ke7 57. Qxh7+ Kd6 58. Qd7+ Ke5 59. Qf7) 53... Qc1+ $2 {[%mdl 8192] [#]} (53... Qf2+ $11 54. Ke5 Qxg3+ 55. Ke6 Qb3+ 56. Ke7 Qb5) 54. Kf5 {White mates.} Qf1+ 55. Ke6 Qh3+ 56. Kd6 {Accuracy: White = 72%, Black = 44%.} 1-0

[Event "POL-chT 2nd League-4 2020"]
[Site "Poronin"]
[Date "2020.09.11"]
[Round "7.8"]
[White "Wieczorek, Zbigniew"]
[Black "Stankiewicz, Pawel"]
[Result "1-0"]
[WhiteElo "2208"]
[BlackElo "2111"]
[Annotator "TA"]
[PlyCount "79"]
[EventDate "2020.09.05"]
[EventType "team-tourn"]
[EventCountry "POL"]
[SourceTitle "playchess.com"]
[Source "ChessBase"]
[SourceQuality "1"]
[WhiteTeam "SILESIA Raciborz"]
[BlackTeam "Goniec Zarow"]

{[%evp 9,79,23,23,-3,0,-1,-4,0,0,-10,0,-54,48,0,5,-10,0,-6,0,0,129,114,108,103,101,66,49,18,7,0,180,192,187,189,183,60,73,95,188,195,150,106,197,175,472,241,233,243,181,56,1042,1012,912,881,1843,1834,1999,1243,2325,1833,8254,12849,6270,6291,6238,6238,6187,3560,29978,6088,29976,5489]} 1. Nf3 Nf6 2. g3 e6 3. Bg2 b6 4. d3 Bb7 5. e4 d5 6. e5 {A05: Réti Opening: 1 Nf3 Nf6.} Nfd7 7. O-O c5 8. c4 {The position is equal.} d4 9. Re1 {[#]} Qc7 $146 ({Predecessor:} 9... Be7 10. h4 Nc6 11. Nbd2 h6 12. Nf1 g5 13. h5 Qc7 14. N1h2 Bf8 15. Ng4 Bg7 {½-½ (61) Balashov,Y (2540)-Rozentalis,E (2490) Uzhgorod 1988}) 10. b4 (10. Bf4 $11) 10... Nc6 (10... cxb4 $15 11. Nxd4 Bxg2 12. Kxg2 Nxe5) 11. bxc5 (11. b5 $5 {[%cal Rb5c6]} Ne7 12. a4 $11) 11... bxc5 12. Bf4 h6 13. h4 Be7 14. h5 O-O-O (14... Rb8 $11) 15. Na3 a6 16. Rb1 g5 17. hxg6 fxg6 18. Nc2 g5 $1 {[%cal Rg5f4]} 19. Bd2 g4 $2 {[#]} (19... Rdf8 $11) 20. Nfxd4 $1 $18 {[%mdl 512]} cxd4 {[#]} 21. Nxd4 $1 {[%mdl 512]} Nxd4 22. Bxb7+ (22. Rxb7 $18 Qxb7 23. Bxb7+ Kxb7 24. Qxg4) 22... Qxb7 $14 23. Rxb7 Kxb7 (23... Nf3+ $16 {keeps fighting.} 24. Qxf3 gxf3) 24. Qxg4 $18 Nc5 25. Be3 Rhg8 (25... h5 $16 26. Rb1+ Kc7) 26. Qh5 Nf5 $2 (26... Rgf8) 27. Qf3+ (27. d4 $142) 27... Kc7 28. d4 $1 {[%cal Rd4c5]} Rdf8 29. dxc5 ({White should try} 29. Qd1 $18) 29... Nh4 $2 {[%mdl 8192] This costs Black the game.} (29... Nxg3 $14 30. Qxg3 (30. Qg2 $2 Nf5 $19) 30... Rxg3+ 31. fxg3 h5) 30. Qd1 Nf3+ 31. Kg2 Nh4+ 32. Kh3 Nf3 33. Rh1 h5 34. Qa4 {Threatening mate with Rd1.} Nxe5 35. Qa5+ Kd7 {[#]} 36. c6+ $1 Nxc6 (36... Kxc6 37. Rd1) 37. Rd1+ Ke8 38. Qa4 h4 39. Qxc6+ Kf7 {[#]} 40. g4 {Accuracy: White = 71%, Black = 46%.} (40. Rd7 $142 $1 Rd8 41. Qf3+ Ke8 42. Rb7 Rh8 {[#]} 43. Bc5 $1 {[%mdl 512]} hxg3+ 44. Kg2 Rh2+ 45. Kxg3) 1-0

[Event "POL-chT 2nd League-4 2020"]
[Site "Poronin"]
[Date "2020.09.11"]
[Round "7.9"]
[White "Rychlik, Hanna"]
[Black "Jaworski, Miroslaw"]
[Result "0-1"]
[WhiteElo "2053"]
[BlackElo "2196"]
[Annotator "TA"]
[PlyCount "100"]
[EventDate "2020.09.05"]
[EventType "team-tourn"]
[EventCountry "POL"]
[SourceTitle "playchess.com"]
[Source "ChessBase"]
[SourceQuality "1"]
[WhiteTeam "Goniec Zarow"]
[BlackTeam "SILESIA Raciborz"]

{[%evp 9,100,8,24,24,27,25,12,32,36,-15,-27,-29,-30,-64,-44,-61,-21,-23,-14,-97,6,7,12,9,9,2,8,-24,-13,-29,-28,-35,-17,-38,-22,-21,376,-127,-25,-26,-24,-30,-35,-34,-31,-118,-118,-122,-117,-126,-124,-864,-884,-855,-846,-823,-701,-825,-805,-1207,-1132,-2397,-2294,-2162,-2187,-1963,-1927,-29977,-29979,-29990,-29977,-12841,-12841,-29977,-29976,-29981,-29979,-29980,-29981,-6331,-5096,-12840,-12837,-12838,-12838,-12841,-12841,-12845,-12846,-12846,-12847,-12847,-12847]} 1. d4 Nf6 2. Bg5 Ne4 3. h4 d5 4. Nd2 Nxg5 5. hxg5 g6 6. e3 {A45: Trompowsky Attack.} Bg7 7. f4 c5 8. c3 {The position is equal.} Qb6 9. b3 (9. Qb3 $14) 9... Nc6 $11 {[%cal Rc5d4] [#]} 10. Ngf3 $146 ({Predecessor:} 10. Bd3 cxd4 11. exd4 {0-1 (11) Cifka,S (1810)-Zeleny,T (1760) Czechia 2001}) 10... Bf5 11. Nh4 Bd7 {[%cal Rc5d4]} 12. Ndf3 Bg4 13. Rc1 h6 {Hoping for ...hxg5.} (13... cxd4 {is interesting.} 14. cxd4 O-O 15. Be2 f6 16. Qd2 Qd8) 14. Qd3 (14. Be2 $11) 14... Bxf3 ({Better is} 14... hxg5 $17 15. Nxg5 cxd4 16. cxd4 Qa5+ 17. Qd2 Qxd2+ 18. Kxd2 f6) 15. Nxf3 hxg5 16. Rxh8+ Bxh8 17. Nxg5 Bf6 18. Nh7 Bh4+ 19. Kd1 e6 20. g4 Be7 21. f5 gxf5 22. gxf5 e5 $2 {[%mdl 8192]} (22... O-O-O $11 {and Black is okay.}) 23. dxe5 $2 {[#]} ({White must play} 23. f6 $1 $18) 23... Nxe5 (23... c4 $1 $17 {[%cal Rc4d3][%mdl 512]} 24. Qd2 (24. bxc4 dxc4) 24... O-O-O) 24. Qb5+ Kd8 25. Qxb6+ axb6 26. f6 Bd6 27. a4 {[#] Black keeps a firm grip on the game.} (27. Rc2 $15) 27... Kc7 $1 $17 28. Ng5 Rg8 29. Nh3 {and if Nf4 works, White does fine.} Ng4 30. Nf4 $2 {[%mdl 8192]} (30. Kd2 $17) 30... Nxe3+ $19 {[%mdl 64] Double Attack} 31. Ke2 Bxf4 32. Bh3 Kd6 33. b4 c4 34. Ra1 Rh8 35. Kf3 Rxh3+ 36. Kxf4 {[%mdl 4096] Endgame KRN-KR} Nc2 37. Rg1 Rxc3 38. b5 Nd4 39. Rg8 Ne6+ 40. Kg4 Ke5 41. Rc8 Ra3 42. Re8 Kxf6 43. Rb8 Nc5 44. Rh8 Ke5 {Black is clearly winning.} 45. Rf8 f6 46. Re8+ Kd4 47. Kf5 c3 48. Re2 Ra1 49. Kxf6 Kd3 50. Rh2 c2 {Accuracy: White = 58%, Black = 64%.} 0-1

[Event "POL-chT 2nd League-4 2020"]
[Site "Poronin"]
[Date "2020.09.11"]
[Round "7.10"]
[White "Helis, Tadeusz"]
[Black "Szmyd, Marek"]
[Result "1-0"]
[WhiteElo "2157"]
[BlackElo "1874"]
[Annotator "RC"]
[PlyCount "95"]
[EventDate "2020.09.05"]
[EventType "team-tourn"]
[EventCountry "POL"]
[SourceTitle "playchess.com"]
[Source "ChessBase"]
[SourceQuality "1"]
[WhiteTeam "SILESIA Raciborz"]
[BlackTeam "Goniec Zarow"]
[TimeControl "40/5400+30:900+30"]

1. d4 {[%emt 0:00:00]} d5 {[%emt 0:01:27]} 2. Nf3 {[%emt 0:00:00]} e6 {[%emt 0:03:39]} 3. c4 {[%emt 0:00:00]} Nf6 {[%emt 0:00:29]} 4. Nc3 {[%emt 0:00:00]} b6 {[%emt 0:05:28]} 5. cxd5 {[%emt 0:00:34]} exd5 {[%emt 0:00:58]} 6. Bg5 {[%emt 0:01:20]} Be7 {[%emt 0:04:05]} 7. e3 {[%emt 0:00:39]} O-O {[%emt 0:00:51]} 8. Be2 {[%emt 0:02:23]} Bb7 {[%emt 0:01:04]} 9. O-O {[%emt 0:00:26]} Nbd7 {[%emt 0:05:31]} 10. Rc1 {[%emt 0:02:24]} Ne4 {[%emt 0:03:18]} 11. Bf4 {[%emt 0:13:27]} Bd6 {[%emt 0:10:37]} 12. Bxd6 {[%emt 0:03:06]} Nxd6 {[%emt 0:01:11]} 13. Nb5 {[%emt 0:00:53]} Nxb5 {[%emt 0:01:31]} 14. Bxb5 {[%emt 0:00:03]} a6 {[%emt 0:06:30]} 15. Bc6 {[%emt 0:05:27]} Bxc6 {[%emt 0:01:19]} 16. Rxc6 {[%emt 0:00:03]} Rc8 {[%emt 0:00:13]} 17. Qc2 {[%emt 0:02:01]} Nb8 {[%emt 0:00:52]} 18. Rc3 {[%emt 0:00:05]} f6 {[%emt 0:00:57]} 19. Rc1 {[%emt 0:00:24]} c6 {[%emt 0:04:58]} 20. Ne1 {[%emt 0:00:56]} Qd6 {[%emt 0:05:43]} 21. Nd3 {[%emt 0:01:45]} a5 {[%emt 0:06:48]} 22. Qa4 {[%emt 0:07:47]} Rf7 {[%emt 0:02:45]} 23. b4 {[%emt 0:04:15]} Ra7 {[%emt 0:05:51]} 24. bxa5 {[%emt 0:03:47]} Rxa5 {[%emt 0:05:26]} 25. Qb4 {[%emt 0:00:30]} Qd7 {[%emt 0:08:55]} 26. a3 {[%emt 0:06:32]} Qc7 {[%emt 0:03:59]} 27. h3 {[%emt 0:00:36]} Na6 {[%emt 0:02:00]} 28. Qb3 {[%emt 0:00:19]} Kh8 {[%emt 0:01:41]} 29. Nb4 {[%emt 0:03:03]} Nxb4 {[%emt 0:00:23]} 30. axb4 {[%emt 0:00:03]} Ra7 {[%emt 0:02:06]} 31. b5 {[%emt 0:00:14]} Qd7 {[%emt 0:02:48]} 32. bxc6 {[%emt 0:02:06]} Qc7 {[%emt 0:01:05]} 33. Qxd5 {[%emt 0:00:07]} Rd8 {[%emt 0:00:32]} 34. Qb3 {[%emt 0:01:01]} Rd6 {[%emt 0:00:46]} 35. Qb4 {[%emt 0:01:46]} h6 {[%emt 0:00:48]} 36. e4 {[%emt 0:03:06]} Ra8 {[%emt 0:00:23]} 37. d5 {[%emt 0:00:12]} f5 {[%emt 0:00:14]} 38. Rd1 {[%emt 0:00:47]} fxe4 {[%emt 0:00:17]} 39. Qxe4 {[%emt 0:00:10]} Rad8 {[%emt 0:00:19]} 40. Rcd3 {[%emt 0:00:00]} b5 {[%emt 0:00:00]} 41. h4 {[%emt 0:02:17]} Rf8 {[%emt 0:05:40]} 42. h5 {[%emt 0:00:37]} Rdf6 {[%emt 0:00:51]} 43. d6 {[%emt 0:02:48]} Qa7 {[%emt 0:01:17]} 44. Rf3 {[%emt 0:00:16]} b4 {[%emt 0:04:46]} 45. d7 {[%emt 0:00:09]} Qc7 {[%emt 0:01:07]} 46. Rxf6 {[%emt 0:00:18]} gxf6 {[%emt 0:00:08]} 47. Qxb4 {[%emt 0:00:13]} Rg8 {[%emt 0:01:45]} 48. Qd6 {[%emt 0:00:16]} 1-0

[Event "POL-chT 2nd League-4 2020"]
[Site "Poronin"]
[Date "2020.09.11"]
[Round "7.11"]
[White "Borowski, Przemyslaw"]
[Black "Sochacki, Zenon"]
[Result "0-1"]
[WhiteElo "1842"]
[BlackElo "1885"]
[Annotator "NA RC"]
[PlyCount "128"]
[EventDate "2020.09.05"]
[EventType "team-tourn"]
[EventCountry "POL"]
[SourceTitle "playchess.com"]
[Source "ChessBase"]
[SourceQuality "1"]
[WhiteTeam "Goniec Zarow"]
[BlackTeam "SILESIA Raciborz"]
[TimeControl "40/5400+30:900+30"]

1. d4 {[%emt 0:00:00]} Nf6 {[%emt 0:00:00]} 2. Bg5 {[%emt 0:00:00]} Ne4 {[%emt 0:00:38]} 3. h4 {[%emt 0:00:00]} c5 {[%emt 0:00:16]} 4. d5 {[%emt 0:00:02]} Qb6 {[%emt 0:00:33]} 5. Nd2 {[%emt 0:00:21]} Nxd2 {[%emt 0:01:54]} 6. Bxd2 {[%emt 0:00:15] A45: Trompowsky Attack.} e5 {[%emt 0:04:43]} 7. e4 {[%emt 0:02:51] [#]} g6 $146 {[%emt 0:01:13]} ({Predecessor:} 7... d6 8. a4 Nd7 9. a5 Qc7 10. c4 Be7 11. Bd3 Qd8 12. g3 O-O 13. Nf3 Nf6 {0-1 (42) Harika,D (2480)-Khademalsharieh,S (2372) Hamedan 2018}) 8. Bc3 {[%emt 0:08:23]} d6 {[%emt 0:01:14]} 9. f4 {[%emt 0:05:45]} Bg7 {[%emt 0:02:49]} 10. h5 {[%emt 0:04:27]} Nd7 {[%emt 0:03:05]} 11. hxg6 {[%emt 0:10:15]} hxg6 {[%emt 0:01:08]} 12. Rxh8+ {[%emt 0:00:32]} Bxh8 {[%emt 0:00:02]} 13. Nf3 {[%emt 0:03:15]} Nf6 {[%emt 0:25:07]} 14. Qe2 {[%emt 0:03:50]} Ng4 {[%emt 0:02:48]} 15. O-O-O {[%emt 0:07:19]} Bd7 {[%emt 0:02:01]} 16. Ng5 {[%emt 0:10:35]} Bf6 {[%emt 0:04:52]} 17. Qe1 {[%emt 0:04:00]} Qc7 {[%emt 0:02:20]} 18. Nh7 {[%emt 0:02:23]} Bg7 {[%emt 0:04:17]} 19. fxe5 {[%emt 0:03:28]} Bxe5 {[%emt 0:00:31]} 20. Bxe5 {[%emt 0:00:46]} Nxe5 {[%emt 0:00:10]} 21. Qh4 {[%emt 0:07:18]} Qd8 {[%emt 0:01:54]} 22. Nf6+ {[%emt 0:12:11]} Kf8 {[%emt 0:00:35]} 23. Qh6+ {[%emt 0:05:57]} Ke7 {[%emt 0:00:27]} 24. Qg5 {[%emt 0:00:32]} Qh8 {[%emt 0:02:26]} 25. Nxd7+ {[%emt 0:02:49]} Kxd7 {[%emt 0:00:09]} 26. Bb5+ {[%emt 0:00:27]} Kc8 {[%emt 0:00:40]} 27. Rf1 {[%emt 0:02:13]} Qd8 {[%emt 0:01:09]} 28. Qg3 {[%emt 0:01:12]} a6 {[%emt 0:01:05]} 29. Be2 {[%emt 0:00:03]} Kc7 {[%emt 0:00:42]} 30. b4 {[%emt 0:02:12]} cxb4 {[%emt 0:03:50]} 31. Kb2 {[%emt 0:01:21]} (31. Qe3 $17) 31... Qd7 {[%emt 0:01:10]} 32. c3 {[%emt 0:00:32]} Qa4 {[%emt 0:02:08]} 33. c4 {[%emt 0:00:26]} Qa3+ {[%emt 0:03:36]} 34. Qxa3 {[%emt 0:00:04]} bxa3+ {[%emt 0:00:25]} 35. Kxa3 {[%emt 0:00:01]} Rh8 {[%emt 0:00:24]} 36. Kb4 {[%emt 0:00:21]} b6 {[%emt 0:01:14]} 37. a4 {[%emt 0:00:54]} Rh2 {[%emt 0:05:25]} 38. Rf2 {[%emt 0:01:11]} Rh1 {[%emt 0:00:17]} 39. Bf1 {[%emt 0:00:20]} Rh4 {[%emt 0:02:11]} 40. a5 $19 {[%emt 0:00:00]} (40. Re2 {was worth a try.}) 40... Rxe4 {[%emt 0:00:00]} 41. axb6+ {[%emt 0:01:56]} Kxb6 {[%emt 0:01:57]} 42. Rf6 {[%emt 0:00:42]} a5+ {[%emt 0:00:31]} 43. Ka4 {[%emt 0:01:59]} Nxc4 {[%emt 0:03:33]} 44. Bxc4 {[%emt 0:02:30]} Rxc4+ {[%emt 0:04:06]} 45. Kb3 {[%emt 0:00:04]} Kc5 {[%emt 0:02:24]} 46. Rxf7 {[%emt 0:00:06]} a4+ {[%emt 0:00:07]} 47. Ka3 {[%emt 0:00:37]} Kxd5 {[%emt 0:03:48]} 48. Rf3 {[%emt 0:00:25]} g5 {[%emt 0:01:16]} 49. Rf5+ {[%emt 0:00:22]} Ke6 {[%emt 0:01:36]} 50. Rxg5 {[%emt 0:00:06]} d5 {[%emt 0:00:34]} 51. Rg8 {[%emt 0:00:27]} d4 {[%emt 0:00:52]} 52. Rf8 {[%emt 0:03:19]} Ke5 {[%emt 0:00:47]} 53. g4 {[%emt 0:00:38]} d3 {[%emt 0:00:40]} 54. Re8+ {[%emt 0:02:31]} Kf4 {[%emt 0:00:20]} 55. g5 {[%emt 0:01:08]} Rd4 {[%emt 0:01:59]} 56. Re1 {[%emt 0:05:59]} d2 {[%emt 0:00:32]} 57. Rd1 {[%emt 0:00:07]} Kxg5 {[%emt 0:00:05]} 58. Kb2 {[%emt 0:01:42]} Kf4 {[%emt 0:00:07]} 59. Kc2 {[%emt 0:00:21]} Ke3 {[%emt 0:00:13]} 60. Rh1 {[%emt 0:00:15]} Rc4+ {[%emt 0:02:19]} 61. Kb1 {[%emt 0:01:02]} a3 {[%emt 0:00:40]} 62. Rg1 {[%emt 0:00:34]} a2+ {[%emt 0:00:45]} 63. Kxa2 {[%emt 0:00:29]} Rc1 {[%emt 0:00:07]} 64. Rg3+ {[%emt 0:00:34]} Kf4 {[%emt 0:00:23]} 0-1